CAD Exercises (Record no. 6941)
[ view plain ]
| 000 -LEADER | |
|---|---|
| fixed length control field | 00456nam a22001817a 4500 |
| 003 - CONTROL NUMBER IDENTIFIER | |
| control field | OSt |
| 005 - DATE AND TIME OF LATEST TRANSACTION | |
| control field | 20210515122908.0 |
| 008 - FIXED-LENGTH DATA ELEMENTS--GENERAL INFORMATION | |
| fixed length control field | 210515b ||||| |||| 00| 0 eng d |
| 020 ## - INTERNATIONAL STANDARD BOOK NUMBER | |
| International Standard Book Number | 9781520481463 |
| 040 ## - CATALOGING SOURCE | |
| Transcribing agency | DDC |
| 082 ## - DEWEY DECIMAL CLASSIFICATION NUMBER | |
| Classification number | 620 JHA 2016 |
| 100 ## - MAIN ENTRY--PERSONAL NAME | |
| Personal name | Jha,Sachidanand |
| 9 (RLIN) | 14238 |
| 245 ## - TITLE STATEMENT | |
| Title | CAD Exercises |
| 260 ## - PUBLICATION, DISTRIBUTION, ETC. (IMPRINT) | |
| Place of publication, distribution, etc. | Amazon: |
| Name of publisher, distributor, etc. | Independently Published ; |
| Date of publication, distribution, etc. | 2016 |
| 300 ## - PHYSICAL DESCRIPTION | |
| Extent | 157p.: |
| Other physical details | ill; |
| Dimensions | 28cm. |
| 650 ## - SUBJECT ADDED ENTRY--TOPICAL TERM | |
| Topical term or geographic name as entry element | CAD Exercises. |
| 9 (RLIN) | 14239 |
| 942 ## - ADDED ENTRY ELEMENTS (KOHA) | |
| Source of classification or shelving scheme | Dewey Decimal Classification |
| Koha item type | Book |
| Withdrawn status | Lost status | Source of classification or shelving scheme | Damaged status | Not for loan | Home library | Current library | Date acquired | Source of acquisition | Inventory number | Total Checkouts | Full call number | Barcode | Date last seen | Price effective from | Koha item type | Public note |
|---|---|---|---|---|---|---|---|---|---|---|---|---|---|---|---|---|
| Dewey Decimal Classification | Main Kihumuro Campus | Main Kihumuro Campus | 15/05/2021 | Purchase | 21/41435 | 620 JHA 2016 | 2021-0525 | 15/05/2021 | 15/05/2021 | Book | Material in Hard copy | |||||
| Dewey Decimal Classification | Main Kihumuro Campus | Main Kihumuro Campus | 15/05/2021 | Purchase | 21/41436 | 620 JHA 2016 | 2021-0526 | 15/05/2021 | 15/05/2021 | Book | Material in Hard copy |
